000
00231nam a22000857a 4500
008
170207b xxu||||| |||| 00| 0 eng d
100
_9
2799
_a
Rohan books
245
_a
Famous Stories of the Arabian Tales
260
_a
New Delhi
_b
Rohan
_c
2012
999
_c
6001
_d
6001